Hodnotenie stavu povrchu vozovky na zadanom úseku cesty

Salvato in:
Dettagli Bibliografici
Autore principale: Kučerová, Monika (Autore)
Altri autori: Bačová, Katarína (Relatore della tesi)
Natura: Manoscritto Libro
Lingua:slovacco
Pubblicazione: 2015
Soggetti:
Accesso online:http://is.stuba.sk/zp/portal_zp.pl?podrobnosti=116843
https://opac.crzp.sk/?fn=detailBiblioForm&sid=FF44C990A7CA883E4C8750929FD7
Tags: Aggiungi Tag
Nessun Tag, puoi essere il primo ad aggiungerne!!

MARC

LEADER 00000ntm a22000003a 4500
001 stuzp51867
003 SK-STU
005 20231025102719.4
007 ta
008 150427s2015----xo-----f-mn---000-0-slo-d
040 |a STU  |b slo 
041 0 |a slo 
100 1 |a Kučerová, Monika  |u 010120  |4 aut  |U SvF Stavebná fakulta  |T SvF Katedra dopravných stavieb  |X 7228  |U V120  |Y 12  |7 7228 
242 0 1 |a Assessment of the state the road surface on the specified road section  |y eng 
245 1 0 |a Hodnotenie stavu povrchu vozovky na zadanom úseku cesty 
260 |c 2015 
650 4 |a diagnostika  |2 slo 
650 4 |a vozovka  |2 slo 
650 4 |a koštrukcia  |2 slo 
650 4 |a diagnostics  |2 eng 
650 4 |a roadway  |2 eng 
650 4 |a construction  |2 eng 
700 1 |a Bačová, Katarína  |4 ths  |X 1010  |7 A000001010 
856 4 |u http://is.stuba.sk/zp/portal_zp.pl?podrobnosti=116843 
856 4 |u CRZP  |z https://opac.crzp.sk/?fn=detailBiblioForm&sid=FF44C990A7CA883E4C8750929FD7 
SQL |a stuzp51867  |b DBP  |c SLO  |d Hodnotenie stavu povrchu vozovky na zadanom úseku cesty  |e 7228  |f Kučerová, Monika  |g 010120  |h 1010  |i Bačová, Katarína  |j 20150623  |k 1  |l 01  |m http://is.stuba.sk/zp/portal_zp.pl?podrobnosti=116843  |n B-IKD  |o 5.1.5. inžinierske konštrukcie a dopravné stavby